Dynamics of Bihar politics / (Record no. 85236)

MARC details
000 -LEADER
fixed length control field 00633nam a22002057a 4500
005 - DATE AND TIME OF LATEST TRANSACTION
control field 20140808124143.0
010 ## - LCCN (DPL NO)
LC control number ENG-110262
020 ## - INTERNATIONAL STANDARD BOOK NUMBER
International Standard Book Number 9788192474083
Terms of availability 895.00
035 ## - SYSTEM CONTROL NUMBER
System control number EN-93794
037 ## - SOURCE OF ACQUISITION
Source of stock number/acquisition DBAD/PUB
082 ## - DEWEY DECIMAL CLASSIFICATION NUMBER
Classification number 320.954123
100 ## - MAIN ENTRY--PERSONAL NAME
Personal name Alamgeer, M.
245 ## - TITLE STATEMENT
Title Dynamics of Bihar politics /
Statement of responsibility, etc by M. Alamgeer
246 ## - VARYING FORM OF TITLE
Title proper/short title Bihar politics
260 ## - PUBLICATION, DISTRIBUTION, ETC. (IMPRINT)
Place of publication, distribution, etc New Delhi
Name of publisher, distributor, etc Axis Books
Date of publication, distribution, etc 2014(repr.)
270 ## - ADDRESS
Address 4378/4B, Basement, Ansari Road, Daryaganj
City New Delhi
Postal code 110002
300 ## - PHYSICAL DESCRIPTION
Extent 317p.:
Dimensions 23cm(Hb)
Other physical details ill
500 ## - GENERAL NOTE
General note Includes bibliographical references.
942 ## - ADDED ENTRY ELEMENTS (KOHA)
Source of classification or shelving scheme Dewey Decimal Classification
Item type English Books
Call number suffix ALA
Classification part 320.954123
Holdings
Withdrawn status Lost status Not for loan Collection code Home library Current library Date acquired Source of acquisition Cost, normal purchase price Full call number Barcode Copy number Cost, replacement price Koha item type
    Not For Loan Non-fiction D.B.Act.Division D.B.Act.Division 24/06/2014 ENG-110262 895.00 320.954123 ALA EN-93794 1 895.00 English Books

© Delhi Public Library
Hit Counter
free hit counter